Logo BPK

Biblioteka

Politechniki Koszalińskiej

Kamień do robót hydrotechnicznych. (Rekord nr 63366)

Szczegóły MARC
000 -ETYKIETA REKORDU
podpole kontrolne o stałej długości 01058nam a2200301 i 4500
001 - NUMER KONTROLNY REKORDU
podpole kontrolne normy2004
003 - IDENTYFIKATOR NUMERU KONTROLNEGO REKORDU
podpole kontrolne BPK
005 - DATA OSTATNIEJ MODYFIKACJI REKORDU
podpole kontrolne 20140611114229.0
008 - POLE O STAŁEJ DŁUGOŚCI - DANE KONTROLNE
podpole kontrolne o stałej długości 121231s pl a f u |000 0 pol
040 ## - ŹRÓDŁO KATALOGOWANIA
Instytucja, która utworzyła rekord BPK
041 ## - KOD JĘZYKA
Kod języka tekstu pl
084 ## - NUMER INNEJ KLASYFIKACJI
Numer klasyfikacji ICS 91.100.15
245 ## - TYTUŁ/ODPOWIEDZIALNOŚĆ
Tytuł Kamień do robót hydrotechnicznych.
Oznaczenie części/sekcji dzieła Cz. 1,
Tytuł części/sekcji dzieła Wymagania.
246 ## - WARIANT TYTUŁU
Tytuł PN-EN 13383-1:2003
246 ## - WARIANT TYTUŁU
Tytuł PN-EN 13383-1:2003/AC
250 ## - STREFA WYDANIA
Oznaczenie wydania Zatwierdzono: 2003.09.12
260 ## - STREFA ADRESU WYDAWNICZEGO
Miejsce wydania Warszawa :
Nazwa wydawcy/dystrybutora Polski Komitet Normalizacyjny
500 ## - UWAGI OGÓLNE
Tekst uwagi Wprowadza: EN 13383-1:2002
500 ## - UWAGI OGÓLNE
Tekst uwagi Zastępuje: PN-EN 13383-1:2002 (U)
520 ## - UWAGA DOTYCZĄCA TREŚCI DOKUMENTU
Analiza dokumentacyjna, adnotacja itp. Podano właściwości kruszyw uzyskiwanych w wyniku procesu naturalnego, przemysłowego lub recyklingu materiałów oraz mieszanek tych materiałów, stosowanych jako kamień do robót hydrotechnicznych.
653 ## - TERMIN INDEKSOWY - FORMA NIEKONTROLOWANA
Termin indeksowy kruszywa budowlane
653 ## - TERMIN INDEKSOWY - FORMA NIEKONTROLOWANA
Termin indeksowy kamień
653 ## - TERMIN INDEKSOWY - FORMA NIEKONTROLOWANA
Termin indeksowy roboty hydrotechniczne
710 ## - HASŁO DODATKOWE - NAZWA CIAŁA ZBIOROWEGO
Nazwa ciała zbiorowego lub jednostki geograficznej KT nr 108 ds. Kruszyw i Kamienia Budowlanego
780 ## - TYTUŁ POPRZEDNI
Tytuł PN-EN 13383-1:2002 (U)
856 ## - LOKALIZACJA I DOSTĘP DO ELEKTRONICZNYCH DOKUMENTÓW ZDALNYCH
Link (URL) http://koha.tu.koszalin.pl/cgi-bin/koha/opac-detail.pl?biblionumber=63366
Tekst linku Katalog online BPK
942 ## - DODATKOWE ELEMENTY (KOHA)
Typ dokumentu Norma
998 ## - DANE OPRACOWANIA
Inicjały katalogującego rk
Data 2004.04.14
Egzemplarze
Wycofany Status Uszkodzony Dostępność Lokalizacja stała Lokalizacja bieżąca Miejsce przechowywania Data nabycia Sygnatura Kod kreskowy Cena obowiązuje od Typ dokumentu
      Tylko na miejscu Biblioteka Politechniki Koszalińskiej Biblioteka Politechniki Koszalińskiej Czytelnia BG 02.02.2013 PN-EN 13383-1 PNS1059 02.02.2013 Norma
© 2023 Biblioteka Politechniki Koszalińskiej :: KOHA